<?xml version="1.0" encoding="UTF-8"?><?xml-stylesheet type="text/xsl" href="static/style.xsl"?><OAI-PMH xmlns="http://www.openarchives.org/OAI/2.0/" xmlns:xsi="http://www.w3.org/2001/XMLSchema-instance" xsi:schemaLocation="http://www.openarchives.org/OAI/2.0/ http://www.openarchives.org/OAI/2.0/OAI-PMH.xsd"><responseDate>2026-04-17T11:30:05Z</responseDate><request verb="GetRecord" identifier="oai:www.recercat.cat:2445/112707" metadataPrefix="marc">https://recercat.cat/oai/request</request><GetRecord><record><header><identifier>oai:recercat.cat:2445/112707</identifier><datestamp>2025-12-05T12:59:33Z</datestamp><setSpec>com_2072_1057</setSpec><setSpec>col_2072_478854</setSpec><setSpec>col_2072_478917</setSpec></header><metadata><record xmlns="http://www.loc.gov/MARC21/slim" xmlns:dcterms="http://purl.org/dc/terms/" xmlns:xsi="http://www.w3.org/2001/XMLSchema-instance" xmlns:doc="http://www.lyncode.com/xoai" xsi:schemaLocation="http://www.loc.gov/MARC21/slim http://www.loc.gov/standards/marcxml/schema/MARC21slim.xsd">
   <leader>00925njm 22002777a 4500</leader>
   <datafield ind2=" " ind1=" " tag="042">
      <subfield code="a">dc</subfield>
   </datafield>
   <datafield ind2=" " ind1=" " tag="720">
      <subfield code="a">García Sánchez, Laura</subfield>
      <subfield code="e">author</subfield>
   </datafield>
   <datafield ind2=" " ind1=" " tag="260">
      <subfield code="c">2017-06-21T12:33:20Z</subfield>
   </datafield>
   <datafield ind2=" " ind1=" " tag="260">
      <subfield code="c">2017-06-21T12:33:20Z</subfield>
   </datafield>
   <datafield ind2=" " ind1=" " tag="260">
      <subfield code="c">1993</subfield>
   </datafield>
   <datafield ind2=" " ind1=" " tag="260">
      <subfield code="c">2017-06-21T12:33:20Z</subfield>
   </datafield>
   <datafield ind2=" " ind1=" " tag="520">
      <subfield code="a">Felipe IV, hijo mayor de Felipe I11 y Margarita de Austria, accedió al trono de España en 1621. Dotado de una vasta cultura, mantuvo la obra de mecenazgo de sus antecesores, cultivando la amistad de 10s grandes pintores de la tpoca, como Velázquez y Rubens. Imitando la tradición de su padre, dejó el gobierno en manos de su ministro o privado Gaspar de Guzmán y Pimentel, conde de Olivares y duque de Sanlúcar, quien mantuvo la confianza del rey desde la subida al trono de tste hasta 1643, cuando fue sustituido por Luis Mtndez de Haro. El rey, de carácter mis dinámico y eficaz que su progenitor, procuró estar siempre bien informado de 10s problemas del gobierno y aunque! por su escasa firmeza, las mis importantes decisiones políticas fueron resueltas por su ministro el conde-duque, hizo suyos 10s asuntos de condición burocrática...</subfield>
   </datafield>
   <datafield tag="653" ind2=" " ind1=" ">
      <subfield code="a">Història moderna</subfield>
   </datafield>
   <datafield tag="653" ind2=" " ind1=" ">
      <subfield code="a">Cultura</subfield>
   </datafield>
   <datafield tag="653" ind2=" " ind1=" ">
      <subfield code="a">Catalunya</subfield>
   </datafield>
   <datafield tag="653" ind2=" " ind1=" ">
      <subfield code="a">Modern history</subfield>
   </datafield>
   <datafield tag="653" ind2=" " ind1=" ">
      <subfield code="a">Culture</subfield>
   </datafield>
   <datafield tag="653" ind2=" " ind1=" ">
      <subfield code="a">Catalonia</subfield>
   </datafield>
   <datafield ind2="0" ind1="0" tag="245">
      <subfield code="a">Solemne entrada a Barcelona y diversos acontecimientos festivos ante la jura de fueros del Reino de Cataluña por Felipe IV en 1626: el Dietario, como testimonio, de Miquel Parets</subfield>
   </datafield>
</record></metadata></record></GetRecord></OAI-PMH>